Statistiques concernant Disney

Cliquez ici pour prendre le quiz!

Statistiques générales

  • Ce quiz a été pris 189 fois
  • Le résultat moyen est 19 sur 22

Statistiques - réponses

FilmPerso% Correct
MulanMulan
100%
CendrillonCendrillon
99%
DumboDumbo
99%
TarzanTarzan
99%
La reine des neigesElsa
98%
Alice au pays des merveillesAlice
97%
La petite sirèneAriel
97%
HerculeHercule
97%
RaiponceRaiponce
97%
BambiBambi
96%
La Belle et la BêteBelle
96%
Peter PanPeter Pan
95%
VaianaVaiana
95%
Kuzco, l'empereur mégaloKuzco
94%
Le roi lionSimba
94%
La Belle et la BêteLa Bête
92%
Lilo & StitchStitch
92%
La Belle au bois dormantAurore
87%
La reine des neigesAnna
84%
RebelleMerida
62%
EntantoMirabel
35%
Blanche-neige et les 7 nainsBlache-Neige
12%

Distribution des résultats

Percentile par nombre de réponses

% des personnes avec chaque résultat

Votre développement - résultats

Vous n’avez pas pris ce quiz